000 01392nam a22003257a 4500
003 OSt
005 20230817125010.0
008 221006b |||||||| |||| 00| 0 eng d
040 _cBiblioteca Lado V
082 _a305
_bM953m
130 _9949
_aMujer/Fempress
_lspa
245 _aMujer/Fempress/
_bRed de comunicación alternativa de la mujer/
260 _bFEMPRESS
_c1998
_aChile
300 _c22x31cm
_a29p.
490 _v1998
_a203
505 _aEl aborto y los derechos humanos de las mujeres
_tBOLIVIA
505 _aEntre Radiopasionados y Televisionarios
_tCOLOMBIA
505 _aProponen salario para primeras damas ¿Para qué la ley?
_tCOSTA RICA
505 _aHillary Rodham Clinton: La visita de la primera Dama Comisión Nacional de Seguimiento
_tURUGUAY
505 _aPoco Ruido y bastantes nueces ¿En manos de quiénes estamos?
_tMEXICO
505 _aAborto: Proponen aumentar la penalidad Género y Conocimiento en las universidades
_tCHILE
505 _aRECORTES
505 _aCOMUNICANDONOS
650 _2Tesauro de Arte & Arquitectura
_aMUJER
_9703
650 _2Tesauro de Arte & Arquitectura
_aCOMUNICACIÓN
650 _2Tesauro de Arte & Arquitectura
_aRED FEMENINA
650 _2Tesauro de Arte & Arquitectura
_aCULTURA
651 _2Tesauro de Arte & Arquitectura
_aINTERNACIONAL
942 _2ddc
_c1
_h305
_iM953m
_n0
999 _c4162
_d4162